000
00319nam a2200133Ia 4500
005
20251222152618.0
008
251222s9999||||xx |||||||||||||| ||spa||
082
_a
658.401.2/D61/Ej,2
100
_a
Dess, Gregory G.
245
0
_a
Dirección Estratégica:
250
_a
1ra.ed.
264
_b
McGraw-Hill
942
_c
LIB
999
_c
27234
_d
27234